000 00573nam a2200181Ia 4500
005 20250508151307.0
008 008 250505s9999 xx 000 0 eng d
037 _aTextual
040 _aFEDL
_beng
_cFEDL
041 _aeng
_2eng
084 _a371.73, MAR
_qFEDL
100 _aMarshall F J C
_9757367
245 0 _aPhysical education in boys' schools : A text-book for training college students and teachers
260 _aLondon, UK
_bUniversity of London Press
_c1933
300 _axv,335p.
942 _cTEXL
_h371.73, MAR
999 _c1328886
_d1328886